000 00785nam a2200229 a 4500
001 40349
003 BD-RjUL
005 20211209053210.0
008 160428s1961 bg ||||| |||| 00| 0 ben d
020 _c: PRs.6.50
035 _a(BD-RjUL)40464
040 _aBD-RjUL
_bben
_cBD-RjUL
041 _aben
082 _223
_a891.5
_bHOD 1961
100 _aহোসেন, কাজী আকরাম
_9124306
245 1 0 _aদীউয়ান-ই-হাফিজ /
_cকাজী আকরাম হোসেন
260 _aঢাকা :
_bআজাদ প্রকাশনী,
_c১৯৬১
300 _a[১৮], ২৬৯ পৃ. ;
_c২২ সেমি.
650 _aইরানী সাহিত্য
_9124307
650 _aIranian literature
_9124308
942 _2ddc
_cBK
999 _c40349
_d40349